[Event "BL 9091 Tegel-München 36"]
[Site "?"]
[Date "1991.??.??"]
[Round "?.4"]
[White "Hargens, T."]
[Black "Gruenberg, HU."]
[Result "1/2-1/2"]
[WhiteElo "2255"]
[BlackElo "2485"]
[PlyCount "112"]
[EventDate "1991.??.??"]

1. e4 c5 2. Nc3 d6 3. f4 Nf6 4. Nf3 e6 5. g3 Nc6 6. Bg2 Be7 7. O-O O-O 8. h3
Rb8 9. d3 b5 10. g4 Nd7 11. Ne2 Bb7 12. g5 f5 13. exf5 Rxf5 14. h4 Rf7 15. Bh3
Nf8 16. c3 Qc7 17. h5 a6 18. Rf2 Re8 19. Qf1 Bd8 20. Bg4 Ne7 21. Qh3 Nf5 22.
Rh2 Rfe7 23. Bd2 Qc6 24. Re1 Bb6 25. Bc1 Qd5 26. Nd2 Qxa2 27. h6 g6 28. c4 Ba5
29. Nc3 Bxc3 30. bxc3 Qa5 31. Ne4 Bxe4 32. dxe4 Nd4 33. Bb2 Nb3 34. cxb5 axb5
35. Rd1 c4 36. Rxd6 Rd8 37. Rxd8 Qxd8 38. Qe3 Rd7 39. Be2 Qa5 40. Bf1 Qa7 41.
Re2 Kf7 42. f5 exf5 43. exf5 gxf5 44. Qxa7 Rxa7 45. Re5 Kg6 46. Rxb5 Ra2 47.
Bxc4 Rxb2 48. Bxb3 Kxg5 49. c4 Nd7 50. Bd1 Rxb5 51. cxb5 Kxh6 52. Kg2 Kg5 53.
Bf3 Kf4 54. Kf2 Nb6 55. Bh5 Na4 56. Bf3 Nb6 1/2-1/2

[Event "BL 9091 Tegel-München 36"]
[Site "?"]
[Date "1991.??.??"]
[Round "?.5"]
[White "Bastian, H."]
[Black "Sperlich, O."]
[Result "0-1"]
[WhiteElo "2335"]
[BlackElo "2280"]
[PlyCount "106"]
[EventDate "1991.??.??"]

1. e4 c5 2. Nc3 Nc6 3. g3 g6 4. Bg2 Bg7 5. d3 e6 6. Be3 d6 7. Qd2 Rb8 8. f4
Nge7 9. Nf3 Nd4 10. O-O O-O 11. Qf2 Nec6 12. Rae1 b6 13. g4 f5 14. gxf5 exf5
15. Nd5 fxe4 16. dxe4 Ba6 17. Ng5 Bxf1 18. Bxf1 Qxg5+ 19. fxg5 Rxf2 20. Kxf2
Rf8+ 21. Bf4 Nxc2 22. Rd1 N2d4 23. Kg3 Be5 24. Bc4 Kg7 25. a3 b5 26. Bf1 Rxf4
27. Nxf4 Ne6 28. Bxb5 Bxf4+ 29. Kg2 Ncd4 30. Bc4 Nxg5 31. Bd5 a5 32. b4 Nc2 33.
b5 Ne3+ 34. Kh1 Nxd5 35. exd5 Nf7 36. Re1 Be5 37. Kg2 Nd8 38. Kf3 Nb7 39. h3
Kf7 40. Re4 g5 41. h4 h6 42. hxg5 hxg5 43. Kg4 Kf6 44. Re2 c4 45. Rf2+ Kg6 46.
Rf5 Bf4 47. Rf8 c3 48. Rg8+ Kf6 49. Rc8 Nc5 50. b6 c2 51. b7 Nxb7 52. Rxc2 Ke5
53. Rb2 Nc5 0-1

[Event "BL 9091 Tegel-München 36"]
[Site "?"]
[Date "1991.??.??"]
[Round "?.6"]
[White "Giemsa, S."]
[Black "Roese, O."]
[Result "1/2-1/2"]
[WhiteElo "2240"]
[BlackElo "2385"]
[PlyCount "128"]
[EventDate "1991.??.??"]

1. Nf3 Nf6 2. c4 g6 3. Nc3 d5 4. cxd5 Nxd5 5. Qa4+ c6 6. Qd4 f6 7. e4 e5 8.
Nxe5 Nxc3 9. Qxc3 Qe7 10. Nf3 Qxe4+ 11. Be2 Nd7 12. O-O Bb4 13. Qc4 Qxc4 14.
Bxc4 Nb6 15. Re1+ Kf8 16. Bb3 Kg7 17. a3 Bd6 18. d3 Bg4 19. Nd4 Rhe8 20. Be3
Rad8 21. h3 Bc8 22. Nf3 Bb8 23. Rad1 Nd5 24. Bd4 Nf4 25. Kf1 Be6 26. Bxe6 Nxe6
27. Bc3 Kf7 28. g3 Bc7 29. Re4 Bb6 30. Rh4 h5 31. g4 Rh8 32. gxh5 g5 33. Re4
Nc5 34. Rd4 Rxh5 35. Rxd8 Bxd8 36. Kg2 Ne6 37. Bd2 Bb6 38. Be3 Ng7 39. Bxb6
axb6 40. d4 Ke6 41. Re1+ Kd7 42. Kg3 Rh8 43. Kg4 Ne6 44. h4 gxh4 45. Kf5 Nc7
46. Rh1 h3 47. Ng1 Ke7 48. Rxh3 Rxh3 49. Nxh3 Nb5 50. Ke4 Nd6+ 51. Kd3 Ke6 52.
a4 Kf5 53. f3 Nc8 54. Ke3 Ne7 55. Nf4 Nc8 56. Ne2 Nd6 57. Kd3 Nf7 58. Ke3 Ng5
59. Ng3+ Ke6 60. Ne4 Nf7 61. Kf4 Nh8 62. Nc3 Ng6+ 63. Ke4 Ne7 64. Kf4 Ng6+
1/2-1/2

[Event "BL 9091 Tegel-München 36"]
[Site "?"]
[Date "1991.??.??"]
[Round "?.7"]
[White "Goetz, R."]
[Black "Urban, J."]
[Result "1/2-1/2"]
[WhiteElo "2350"]
[BlackElo "2330"]
[PlyCount "129"]
[EventDate "1991.??.??"]

1. e4 e5 2. Nf3 d6 3. Bc4 Be7 4. O-O Nf6 5. Re1 O-O 6. c3 Bg4 7. Bb3 Nfd7 8. h3
Bh5 9. d3 Nc6 10. Nbd2 Nc5 11. Bc2 Ne6 12. Nf1 Bg5 13. Ng3 Bxc1 14. Rxc1 Bxf3
15. Qxf3 Qg5 16. Rcd1 Ne7 17. Qg4 Qxg4 18. hxg4 g6 19. d4 Rfd8 20. Bb3 Ng5 21.
Re2 Kf8 22. Red2 f6 23. f3 Kg7 24. Nf1 Rh8 25. Ng3 h5 26. gxh5 gxh5 27. Kf2 h4
28. Ne2 Ng6 29. Bd5 Rab8 30. Rh1 b6 31. Bc6 Rbd8 32. Bb5 Kf8 33. Rdd1 Ke7 34.
Ke3 Rdg8 35. Bc4 Rg7 36. Rdf1 Ne6 37. Bxe6 Kxe6 38. Rh3 f5 39. exf5+ Kxf5 40.
g3 hxg3 41. Rxg3 Rh2 42. dxe5 dxe5 43. Rg4 Kf6 44. Rfg1 Ne7 45. Rxg7 Nf5+ 46.
Kd3 Nxg7 47. b4 Nf5 48. Rg8 Rf2 49. Rc8 Rxf3+ 50. Kd2 Rf2 51. Ke1 Rh2 52. Rxc7
e4 53. Rxa7 e3 54. Kd1 Ke5 55. Rf7 Ke4 56. a4 Rh1+ 57. Kc2 Rh2 58. Kd1 Rh1+ 59.
Kc2 Ra1 60. Nc1 Rxa4 61. Rf6 b5 62. Rb6 Ng3 63. Rxb5 e2 64. Nxe2 Nxe2 65. Ra5
1/2-1/2

[Event "BL 9091 Bayern-Tegel"]
[Site "?"]
[Date "1991.??.??"]
[Round "?.2"]
[White "Ribli, Z."]
[Black "Lorenz, S."]
[Result "1-0"]
[WhiteElo "2595"]
[BlackElo "2310"]
[PlyCount "57"]
[EventDate "1991.??.??"]

1. Nf3 g6 2. d4 Bg7 3. c4 d6 4. g3 Bg4 5. Bg2 Qc8 6. Nc3 c6 7. O-O Nf6 8. e4
O-O 9. Be3 Re8 10. Rc1 Na6 11. Qc2 e5 12. d5 Bxf3 13. Bxf3 c5 14. a3 Qd7 15.
Kg2 Nc7 16. Be2 Ng4 17. Bd2 f6 18. b4 b6 19. bxc5 bxc5 20. Rb1 Nh6 21. Rb7 Reb8
22. Qb3 Qc8 23. Rb1 Rxb7 24. Qxb7 Qxb7 25. Rxb7 Ne8 26. Bd1 Nf7 27. Ba4 Kf8 28.
Bxe8 Kxe8 29. Nb5 1-0

[Event "BL 9091 Bayern-Tegel"]
[Site "?"]
[Date "1991.??.??"]
[Round "?.3"]
[White "Rabiega, R."]
[Black "Kindermann, S."]
[Result "1/2-1/2"]
[WhiteElo "2325"]
[BlackElo "2515"]
[PlyCount "70"]
[EventDate "1991.??.??"]

1. Nf3 Nf6 2. g3 g6 3. Bg2 Bg7 4. O-O O-O 5. b3 Ne4 6. d4 d5 7. Bb2 c5 8. e3
Nc6 9. Nbd2 Bf5 10. Qc1 Nxd2 11. Qxd2 Be4 12. Ne5 Nxe5 13. dxe5 Bxg2 14. Kxg2
e6 15. f4 Qc7 16. Qe2 Qc6 17. Rfd1 Rfd8 18. Kg1 Bf8 19. Rd2 c4 20. Bd4 b5 21.
h4 Bc5 22. h5 Bxd4 23. Rxd4 cxb3 24. cxb3 Rdc8 25. Rad1 Qb6 26. Kg2 Rc5 27. e4
Qc6 28. h6 Kf8 29. Qg4 Rc2+ 30. Kh3 Rf2 31. R4d2 Rxd2 32. Rxd2 dxe4 33. Qg5 Ke8
34. Qf6 e3 35. Qh8+ Ke7 1/2-1/2

[Event "BL 9091 Bayern-Tegel"]
[Site "?"]
[Date "1991.??.??"]
[Round "?.5"]
[White "Sperlich, O."]
[Black "Hertneck, G."]
[Result "1/2-1/2"]
[WhiteElo "2280"]
[BlackElo "2535"]
[PlyCount "92"]
[EventDate "1991.??.??"]

1. Nf3 d5 2. d4 Nf6 3. Bf4 e6 4. c3 c5 5. e3 Nc6 6. Nbd2 Bd6 7. Bg3 O-O 8. Bd3
Re8 9. Ne5 Bxe5 10. dxe5 Nd7 11. Nf3 Rb8 12. h4 Nf8 13. Ng5 h6 14. Qh5 hxg5 15.
hxg5 Ng6 16. Bxg6 fxg6 17. Qxg6 Ne7 18. Qh7+ Kf7 19. Qh5+ Ng6 20. Rh4 Rf8 21.
Rf4+ Ke7 22. Qxg6 Rxf4 23. exf4 Qf8 24. O-O-O Qf7 25. Qd3 c4 26. Qc2 Qf5 27.
Qxf5 exf5 28. Rxd5 Be6 29. Rd6 g6 30. Kd2 Rd8 31. Rxd8 Kxd8 32. Ke3 Kd7 33. Kd4
Kc6 34. f3 b5 35. Bf2 a5 36. a3 a4 37. Bh4 Kb6 38. Bg3 Kc6 39. Be1 Kb6 40. Bd2
Kc6 41. Be3 Kb6 42. g4 Kc6 43. Bf2 fxg4 44. fxg4 Bxg4 45. Bg3 Be6 46. f5 Bxf5
1/2-1/2

[Event "BL 9091 Bayern-Tegel"]
[Site "?"]
[Date "1991.??.??"]
[Round "?.6"]
[White "Boensch, U."]
[Black "Giemsa, S."]
[Result "1-0"]
[WhiteElo "2470"]
[BlackElo "2240"]
[PlyCount "121"]
[EventDate "1991.??.??"]

1. d4 Nf6 2. c4 g6 3. Nc3 d5 4. Nf3 Bg7 5. Bg5 Ne4 6. Bh4 Nxc3 7. bxc3 dxc4 8.
Qa4+ Qd7 9. Qxc4 b6 10. e3 Ba6 11. Qb3 Bxf1 12. Kxf1 O-O 13. Ke2 c5 14. Rhd1
cxd4 15. cxd4 Nc6 16. Rac1 e6 17. Rc2 Rfc8 18. Rdc1 Na5 19. Qd3 Qb7 20. Kf1 h6
21. Nd2 Rc6 22. Ne4 g5 23. Bg3 Rd8 24. Rxc6 Nxc6 25. Nd6 Qd7 26. Qb5 Ne7 27. a4
Nf5 28. Qxd7 Nxg3+ 29. hxg3 Rxd7 30. Rc8+ Bf8 31. Ne8 Re7 32. g4 Kh7 33. e4 Bg7
34. d5 exd5 35. exd5 Rd7 36. d6 Be5 37. Rc7 Rd8 38. Rxf7+ Kg8 39. Re7 Bxd6 40.
Nf6+ Kf8 41. Rxa7 Bb4 42. Nd7+ Ke8 43. Nxb6 Bc5 44. a5 Rd2 45. Ra8+ Ke7 46. f3
Rf2+ 47. Ke1 Rxg2 48. Nd5+ Ke6 49. Nc3 Ke5 50. Ne2 h5 51. gxh5 g4 52. fxg4 Rxg4
53. a6 Rg7 54. Rc8 Ba7 55. Rh8 Kf6 56. h6 Re7 57. Kf1 Rf7 58. Kg2 Kg6 59. Nc3
Bd4 60. Rc8 Bxc3 61. Rxc3 1-0

[Event "BL 9091 Bayern-Tegel"]
[Site "?"]
[Date "1991.??.??"]
[Round "?.7"]
[White "Urban, J."]
[Black "Hickl, J."]
[Result "0-1"]
[WhiteElo "2330"]
[BlackElo "2480"]
[PlyCount "104"]
[EventDate "1991.??.??"]

1. Nf3 d6 2. c4 e5 3. g3 Nf6 4. Bg2 Be7 5. O-O O-O 6. Nc3 c6 7. d3 Re8 8. Rb1
a6 9. b4 b5 10. a4 bxc4 11. dxc4 Bf5 12. Rb2 Ra7 13. b5 axb5 14. cxb5 cxb5 15.
Be3 Rd7 16. Rxb5 Qc8 17. Qb3 Rc7 18. Nd5 Nxd5 19. Qxd5 h6 20. a5 Nd7 21. Nd2
Nf6 22. Qa2 Bh3 23. Rb2 Bxg2 24. Kxg2 Qa6 25. Bb6 Rc3 26. Nb1 Rcc8 27. Qb3 d5
28. Kg1 d4 29. Qb5 Qa8 30. Qxe5 Ba3 31. Qxd4 Bxb2 32. Qxb2 Qe4 33. e3 Rc2 34.
Qd4 Qc6 35. Na3 Rc1 36. Qd3 Rc3 37. Qb5 Qe6 38. Nb1 Rb3 39. Qe2 Ne4 40. Bd4 Qd5
41. Qg4 g6 42. Qh3 h5 43. Qg2 Qb5 44. f3 Rxb1 45. fxe4 Rc8 46. Qf3 Rxf1+ 47.
Qxf1 Qxa5 48. Qf6 Qe1+ 49. Kg2 Qe2+ 50. Qf2 Qg4 51. e5 h4 52. e6 h3+ 0-1

[Event "BL 9091 München 36-HSK"]
[Site "?"]
[Date "1991.??.??"]
[Round "?.1"]
[White "Wahls, M."]
[Black "Smejkal, J."]
[Result "1/2-1/2"]
[WhiteElo "2560"]
[BlackElo "2535"]
[PlyCount "43"]
[EventDate "1991.??.??"]

1. e4 e5 2. Nf3 Nc6 3. Bb5 a6 4. Ba4 Nf6 5. O-O Be7 6. Re1 b5 7. Bb3 d6 8. c3
O-O 9. h3 Nb8 10. d4 Nbd7 11. c4 c6 12. Nc3 b4 13. Nb1 c5 14. d5 Nb6 15. Nbd2
a5 16. a4 Ne8 17. Bc2 g6 18. b3 Ng7 19. Ra2 f5 20. exf5 gxf5 21. Bb1 Ra7 22.
Kh1 1/2-1/2

[Event "BL 9091 München 36-HSK"]
[Site "?"]
[Date "1991.??.??"]
[Round "?.2"]
[White "Stohl, I."]
[Black "Maus, So"]
[Result "1-0"]
[WhiteElo "2550"]
[BlackElo "2400"]
[PlyCount "81"]
[EventDate "1991.??.??"]

1. d4 Nf6 2. c4 c5 3. d5 e6 4. Nc3 exd5 5. cxd5 d6 6. Nf3 g6 7. h3 a6 8. a4 Qe7
9. Bg5 Nbd7 10. e3 Bg7 11. Be2 O-O 12. O-O h6 13. Bh4 Ne5 14. Nd2 g5 15. Bg3
Ne8 16. a5 f5 17. Bh2 Rb8 18. Na4 Bd7 19. Nb6 Bb5 20. Bxb5 axb5 21. Bxe5 Bxe5
22. Qc2 Qg7 23. Nf3 Bxb2 24. Rab1 Bc3 25. Rxb5 Nc7 26. Rb3 Bxa5 27. Nc4 Bb4 28.
Nxd6 Qf6 29. Nc4 Nxd5 30. Rd1 Rbd8 31. Rbd3 Qe6 32. Nce5 b5 33. g4 fxg4 34.
Rxd5 Rxd5 35. Rxd5 gxf3 36. Rd7 Qf5 37. Qa2+ c4 38. Qa6 Qf6 39. Qxb5 Bc3 40.
Qxc4+ Kh8 41. Qxc3 1-0

[Event "BL 9091 München 36-HSK"]
[Site "?"]
[Date "1991.??.??"]
[Round "?.3"]
[White "Mueller, Ka"]
[Black "Espig, L."]
[Result "1/2-1/2"]
[WhiteElo "2425"]
[BlackElo "2440"]
[PlyCount "43"]
[EventDate "1991.??.??"]

1. e4 c5 2. Nf3 e6 3. d4 cxd4 4. Nxd4 Nf6 5. Nc3 d6 6. Be2 Be7 7. O-O Nc6 8.
Be3 O-O 9. f4 Qc7 10. Qe1 Nxd4 11. Bxd4 e5 12. Be3 exf4 13. Rxf4 Be6 14. Qg3
Nd7 15. Bd4 Ne5 16. Bd3 Qd8 17. Nd5 Bg5 18. Rff1 Bh4 19. Qf4 Bg5 20. Qg3 Bh4
21. Qf4 Bg5 22. Qg3 1/2-1/2

[Event "BL 9091 München 36-HSK"]
[Site "?"]
[Date "1991.??.??"]
[Round "?.4"]
[White "Gruenberg, HU."]
[Black "Wegner, H."]
[Result "1/2-1/2"]
[WhiteElo "2485"]
[BlackElo "2435"]
[PlyCount "32"]
[EventDate "1991.??.??"]

1. d4 d5 2. c4 dxc4 3. e4 Nc6 4. Be3 Nf6 5. Nc3 e5 6. d5 Ne7 7. Bxc4 Ng6 8. Nf3
Bd6 9. Bb5+ Nd7 10. O-O O-O 11. Nd2 Nf6 12. Be2 Nf4 13. Bf3 Bd7 14. Nc4 b5 15.
Nxd6 cxd6 16. Ne2 N4xd5 1/2-1/2

[Event "BL 9091 München 36-HSK"]
[Site "?"]
[Date "1991.??.??"]
[Round "?.5"]
[White "Michaelsen, N."]
[Black "Bastian, H."]
[Result "1-0"]
[WhiteElo "2315"]
[BlackElo "2335"]
[PlyCount "51"]
[EventDate "1991.??.??"]

1. d4 Nf6 2. c4 g6 3. Nc3 Bg7 4. e4 O-O 5. f4 d6 6. Nf3 c5 7. d5 e6 8. Be2 exd5
9. cxd5 Re8 10. Nd2 Na6 11. O-O Nc7 12. a4 Rb8 13. Bf3 a6 14. Nc4 b5 15. axb5
Nxb5 16. e5 dxe5 17. fxe5 Nd7 18. e6 fxe6 19. dxe6 Bd4+ 20. Kh1 Nf6 21. e7 Qxe7
22. Bg5 Qe6 23. Bxf6 Bb7 24. Nxb5 Bxf3 25. Qxf3 Bxf6 26. Nc7 1-0

[Event "BL 9091 München 36-HSK"]
[Site "?"]
[Date "1991.??.??"]
[Round "?.6"]
[White "Roese, O."]
[Black "Reefschlaeger, H."]
[Result "1/2-1/2"]
[WhiteElo "2385"]
[BlackElo "2380"]
[PlyCount "91"]
[EventDate "1991.??.??"]

1. e4 g6 2. d4 c6 3. Nf3 d5 4. e5 f6 5. Bd3 Bg7 6. O-O Nh6 7. exf6 exf6 8. Re1+
Kf7 9. c4 Be6 10. cxd5 cxd5 11. Nc3 Nc6 12. Bf4 a6 13. h3 Re8 14. Na4 Nf5 15.
Nc5 Qc8 16. Bxf5 gxf5 17. Qb3 Na5 18. Qb4 b6 19. Qxb6 Nc4 20. Qb3 Ra7 21. Qc2
Bf8 22. Nxe6 Rxe6 23. Rxe6 Qxe6 24. Re1 Qd7 25. Nh4 Bb4 26. Re2 Bd6 27. Be3
Nxe3 28. Rxe3 Rc7 29. Rc3 Rxc3 30. Qxc3 Qe6 31. g3 Qe4 32. Qf3 Ke6 33. Kg2 f4
34. gxf4 Bxf4 35. Qxe4+ dxe4 36. Kf1 Bc1 37. b3 Bb2 38. Ke2 Bxd4 39. f3 Ke5 40.
fxe4 Kxe4 41. Nf3 Be5 42. Ne1 f5 43. Nd3 Bd6 44. b4 Kd4 45. a3 f4 46. Nf2
1/2-1/2

[Event "BL 9091 München 36-HSK"]
[Site "?"]
[Date "1991.??.??"]
[Round "?.7"]
[White "Sievers, S."]
[Black "Goetz, R."]
[Result "1/2-1/2"]
[WhiteElo "2330"]
[BlackElo "2350"]
[PlyCount "39"]
[EventDate "1991.??.??"]

1. e4 c5 2. Nf3 Nc6 3. Nc3 Nf6 4. d4 cxd4 5. Nxd4 e5 6. Ndb5 d6 7. Bg5 a6 8.
Na3 b5 9. Bxf6 gxf6 10. Nd5 Bg7 11. c3 f5 12. exf5 Bxf5 13. Nc2 Ne7 14. Nxe7
Bxc2 15. Qxc2 Qxe7 16. Qe4 O-O 17. Bd3 f5 18. Qd5+ Qf7 19. Qxf7+ Rxf7 20. a4
1/2-1/2

[Event "BL 9091 München 36-HSK"]
[Site "?"]
[Date "1991.??.??"]
[Round "?.8"]
[White "Reich, T."]
[Black "Heinemann, T."]
[Result "1/2-1/2"]
[WhiteElo "2410"]
[BlackElo "2340"]
[PlyCount "77"]
[EventDate "1991.??.??"]

1. c4 c5 2. Nf3 Nf6 3. g3 b6 4. Bg2 Bb7 5. O-O e6 6. b3 Be7 7. Bb2 O-O 8. e3 d5
9. Qe2 Nc6 10. Rd1 Rc8 11. cxd5 Nxd5 12. d4 cxd4 13. Nxd4 Nxd4 14. Bxd4 Bf6 15.
Qb2 Bxd4 16. Rxd4 Qe7 17. Na3 Nf6 18. Bxb7 Qxb7 19. Nc4 Rcd8 20. Rad1 Rxd4 21.
Qxd4 h6 22. a4 Qc6 23. Qe5 Qf3 24. Rd4 Rc8 25. Qf4 Qe2 26. e4 Qa2 27. Qf3 Qc2
28. Rd3 Qb1+ 29. Kg2 Qe1 30. Re3 Qb4 31. Qf4 Qe7 32. Rd3 Rd8 33. Rxd8+ Qxd8 34.
Qd6 Qxd6 35. Nxd6 Nd7 36. b4 a5 37. bxa5 bxa5 38. Nb7 Nb6 39. Nxa5 1/2-1/2

[Event "BL 9192 Sindelfingen-Empor Berlin"]
[Site "?"]
[Date "1991.??.??"]
[Round "?.2"]
[White "Rajkovic, D."]
[Black "Kovalev, A."]
[Result "1-0"]
[WhiteElo "2475"]
[BlackElo "2550"]
[PlyCount "83"]
[EventDate "1991.??.??"]

1. d4 Nf6 2. c4 g6 3. Nc3 Bg7 4. e4 O-O 5. Bg5 c5 6. d5 d6 7. Qd2 a6 8. a4 Qa5
9. Ra3 e6 10. Nge2 exd5 11. cxd5 Re8 12. f3 Nbd7 13. Nc1 Ne5 14. Be2 Qb4 15.
Be3 Nc4 16. Bxc4 Qxc4 17. N1a2 Nd7 18. Kf2 Bxc3 19. Qxc3 Qxc3 20. Nxc3 Ne5 21.
b3 Rb8 22. Rha1 b5 23. axb5 axb5 24. Ra7 b4 25. Nb1 Bb7 26. Bf4 Nd3+ 27. Ke3
Ne1 28. Kd2 Nxg2 29. Bxd6 Rbd8 30. Bc7 Ra8 31. Rxa8 Bxa8 32. Bg3 f5 33. Ra7 f4
34. Bf2 Ne3 35. Bxe3 fxe3+ 36. Ke2 g5 37. Rc7 g4 38. fxg4 h5 39. Rxc5 Kf7 40.
Kxe3 Rg8 41. Rc7+ Kf6 42. Kf4 1-0

[Event "BL 9192 Sindelfingen-Empor Berlin"]
[Site "?"]
[Date "1991.??.??"]
[Round "?.3"]
[White "Muse, M."]
[Black "Luther, T."]
[Result "0-1"]
[WhiteElo "2445"]
[BlackElo "2495"]
[PlyCount "58"]
[EventDate "1991.??.??"]

1. d4 e6 2. c4 Nf6 3. Nf3 d5 4. Nc3 Bb4 5. e3 c5 6. a3 Bxc3+ 7. bxc3 O-O 8. Bd3
dxc4 9. Bxc4 Qc7 10. Ba2 Nc6 11. Bb2 e5 12. d5 e4 13. dxc6 exf3 14. Qxf3 Bg4
15. Qg3 Qb6 16. Bc1 Qa5 17. O-O Be2 18. cxb7 Rab8 19. e4 Bxf1 20. Bf4 Nh5 21.
Bxb8 Nxg3 22. Bxg3 Bd3 23. Bd5 Qxc3 24. Rd1 Qc2 25. Re1 Qd2 26. f3 c4 27. e5
Bf5 28. e6 fxe6 29. Be4 c3 0-1

[Event "BL 9192 Sindelfingen-Empor Berlin"]
[Site "?"]
[Date "1991.??.??"]
[Round "?.4"]
[White "Fahnenschmidt, G."]
[Black "Volke, K."]
[Result "1/2-1/2"]
[WhiteElo "2385"]
[BlackElo "2425"]
[PlyCount "47"]
[EventDate "1991.??.??"]

1. d4 Nf6 2. c4 g6 3. Nc3 Bg7 4. e4 d6 5. f3 O-O 6. Be3 a6 7. Bd3 Nc6 8. Nge2
Nd7 9. Rc1 e5 10. Bb1 exd4 11. Nxd4 Nxd4 12. Bxd4 Ne5 13. f4 c5 14. Bxe5 dxe5
15. Qxd8 Rxd8 16. f5 Bh6 17. Rd1 Rxd1+ 18. Kxd1 Bd7 19. Ke2 Bc6 20. Rd1 b5 21.
Bd3 Rb8 22. b3 b4 23. Nd5 Bf8 24. g4 1/2-1/2

[Event "BL 9192 Sindelfingen-Empor Berlin"]
[Site "?"]
[Date "1991.??.??"]
[Round "?.5"]
[White "Poldauf, D."]
[Black "Marinkovic, I."]
[Result "1/2-1/2"]
[WhiteElo "2385"]
[BlackElo "2485"]
[PlyCount "97"]
[EventDate "1991.??.??"]

1. c4 Nf6 2. Nc3 e5 3. Nf3 Nc6 4. g3 d5 5. cxd5 Nxd5 6. Bg2 Nde7 7. b4 a6 8.
O-O g6 9. Bb2 Bg7 10. a3 O-O 11. d3 h6 12. Rc1 Nd4 13. Nd2 Rb8 14. e3 Ndc6 15.
Qc2 Be6 16. Na4 Bd5 17. Nf3 g5 18. e4 Be6 19. Nc5 Bc8 20. h3 Qd6 21. Nb3 Be6
22. Rfd1 Rbd8 23. Kh2 Kh8 24. Rd2 f5 25. exf5 Bxf5 26. Nc5 Bc8 27. Re1 b6 28.
Ne4 Qg6 29. Rde2 Bxh3 30. Nxe5 Nxe5 31. Bxe5 Bxg2 32. Bxg7+ Qxg7 33. Kxg2 Nf5
34. Qc4 Nd4 35. Re3 b5 36. Qc5 Rf5 37. Qc3 Rdf8 38. Rc1 R5f7 39. Rce1 Kh7 40.
Rc1 Kg8 41. Rce1 Kh7 42. Rc1 Kg8 43. Qb2 c6 44. Qc3 Qe5 45. Rf1 Qd5 46. Qc5 Nb3
47. Qc2 Nd4 48. Qc5 Nb3 49. Qc2 1/2-1/2

[Event "BL 9192 Sindelfingen-Empor Berlin"]
[Site "?"]
[Date "1991.??.??"]
[Round "?.6"]
[White "Kraut, R."]
[Black "Stern, R."]
[Result "1-0"]
[WhiteElo "2390"]
[BlackElo "2360"]
[PlyCount "57"]
[EventDate "1991.??.??"]

1. e4 e5 2. Nf3 Nc6 3. Bb5 a6 4. Bxc6 dxc6 5. O-O f6 6. d4 Bg4 7. c3 Bd6 8. Be3
Ne7 9. Nbd2 Ng6 10. Qb3 Qc8 11. dxe5 Be6 12. Nc4 Bxe5 13. Qb4 Bf4 14. e5 Bxc4
15. Qxc4 Qg4 16. Kh1 O-O-O 17. h3 Qf5 18. Nd4 Qe4 19. exf6 Bxe3 20. fxe3 gxf6
21. Rxf6 Qxe3 22. Rxc6 bxc6 23. Qxa6+ Kd7 24. Qxc6+ Kc8 25. Qa6+ Kd7 26. Rd1
Ke8 27. Qc6+ Kf7 28. Rf1+ Kg8 29. Qc4+ 1-0

[Event "BL 9192 Sindelfingen-Empor Berlin"]
[Site "?"]
[Date "1991.??.??"]
[Round "?.7"]
[White "Rosenthal, D."]
[Black "Gerstner, W."]
[Result "0-1"]
[WhiteElo "2350"]
[BlackElo "2385"]
[PlyCount "100"]
[EventDate "1991.??.??"]

1. e4 c5 2. Nf3 e6 3. c3 Nc6 4. d4 d5 5. e5 Qb6 6. a3 a5 7. Bd3 cxd4 8. cxd4
Bd7 9. O-O Nxd4 10. Nxd4 Qxd4 11. Nc3 Qb6 12. Kh1 Ne7 13. f4 g6 14. Re1 Bc6 15.
Be3 d4 16. Bf2 Nf5 17. Be4 Be7 18. Qf3 O-O 19. Bxc6 Qxc6 20. Ne4 Rac8 21. g4
Ne3 22. Bxe3 dxe3 23. Rxe3 Rfd8 24. Rc3 Qb5 25. Rb3 Qd5 26. Nf6+ Bxf6 27. Qxd5
Rxd5 28. exf6 b5 29. Re1 Rc2 30. Rc3 Rxc3 31. bxc3 h5 32. g5 Kf8 33. Re4 Rc5
34. a4 bxa4 35. Rxa4 Ke8 36. Kg2 Kd7 37. c4 Rf5 38. Kg3 e5 39. fxe5 Rxg5+ 40.
Kf4 Rg4+ 41. Ke3 Ke6 42. Rxa5 Rxc4 43. Kf3 Rh4 44. h3 Rxh3+ 45. Kf4 Rh4+ 46.
Kg5 Rd4 47. Kh6 Rd7 48. Rb5 h4 49. Rb4 Kxe5 50. Rxh4 Rd6 0-1

[Event "BL 9192 Sindelfingen-Empor Berlin"]
[Site "?"]
[Date "1991.??.??"]
[Round "?.8"]
[White "Werner, Marc"]
[Black "Schoene, R."]
[Result "1-0"]
[WhiteElo "2335"]
[BlackElo "2345"]
[PlyCount "131"]
[EventDate "1991.??.??"]

1. e4 e5 2. Nf3 Nc6 3. Bb5 a6 4. Ba4 d6 5. Bxc6+ bxc6 6. d4 exd4 7. Qxd4 f6 8.
Nc3 g6 9. h4 h5 10. b3 Nh6 11. Qc4 Qd7 12. Nd4 Bb7 13. Ne6 Ng4 14. Qb4 Rb8 15.
Nxf8 Rxf8 16. Bb2 Rf7 17. Qd4 c5 18. Qd2 f5 19. f3 fxe4 20. fxg4 Qxg4 21. Rh3
Kd7 22. Nd1 e3 23. Nxe3 Re8 24. Qe2 Rfe7 25. Kd2 Bxg2 26. Qxg4+ hxg4 27. Rg3
Bf3 28. Re1 Kc6 29. c4 a5 30. Bc3 Kb7 31. a4 Ka6 32. Rgg1 c6 33. Nc2 Re2+ 34.
Rxe2 Rxe2+ 35. Kd3 Rh2 36. Ne1 Bd1 37. Rg2 Rxh4 38. Nc2 d5 39. Be5 Rh5 40. Bd6
Bf3 41. Rg1 Rh3 42. Bg3 Rh7 43. Bd6 Rh3 44. Bg3 Kb6 45. Ne3 Rh7 46. Re1 Rf7 47.
Kd2 Rd7 48. Kc1 Rf7 49. Nf1 Rh7 50. Nd2 Rh3 51. Bd6 g5 52. Be7 Rh5 53. Kc2 Bg2
54. Re5 Rh7 55. Bd8+ Ka6 56. Rxg5 Bf3 57. cxd5 Rd7 58. Bf6 cxd5 59. Nxf3 gxf3
60. Rf5 c4 61. bxc4 Rc7 62. Rxf3 Rxc4+ 63. Kb3 Rb4+ 64. Ka3 Rc4 65. Rd3 Rc6 66.
Be5 1-0

[Event "BL 9192 FTG Frankfurt-Buna Halle"]
[Site "?"]
[Date "1991.??.??"]
[Round "?.1"]
[White "Malich, B."]
[Black "Lobron, E."]
[Result "0-1"]
[WhiteElo "2435"]
[BlackElo "2540"]
[PlyCount "114"]
[EventDate "1991.??.??"]

1. Nf3 Nf6 2. c4 e6 3. d4 d5 4. Bg5 Bb4+ 5. Nc3 Nbd7 6. cxd5 exd5 7. Rc1 c5 8.
dxc5 Qa5 9. Bd2 Qd8 10. e3 O-O 11. Be2 Bxc5 12. O-O Qe7 13. Qc2 b6 14. Rfd1 Bb7
15. Be1 g6 16. a3 a6 17. Qa4 Bd6 18. Qh4 Nc5 19. Nd4 Rac8 20. Na2 Rfe8 21. Bc3
Nce4 22. Bb4 Bc5 23. Bf3 a5 24. Bc3 Nxc3 25. Nxc3 Red8 26. Nce2 Ne4 27. Qxe7
Bxe7 28. h3 h5 29. Rxc8 Rxc8 30. Rc1 Rc5 31. Rxc5 Bxc5 32. Bxe4 dxe4 33. Kf1 h4
34. Ke1 f5 35. Kd2 Ba6 36. Ne6 Bd6 37. f3 exf3 38. gxf3 Kf7 39. N6f4 g5 40. Nd3
Kf6 41. Nc3 Bb7 42. Ke2 Bg3 43. e4 g4 44. fxg4 fxg4 45. hxg4 Ba6 46. e5+ Bxe5
47. Ne4+ Kg6 48. b4 axb4 49. axb4 h3 50. Ke3 Bxd3 51. Kxd3 h2 52. Nf2 Kg5 53.
Ke4 Bg3 54. Nh1 Kxg4 55. b5 Bf4 56. Nf2+ Kg3 57. Nh1+ Kg2 0-1

[Event "BL 9192 FTG Frankfurt-Buna Halle"]
[Site "?"]
[Date "1991.??.??"]
[Round "?.2"]
[White "Tischbierek, R."]
[Black "Lechtinsky, J."]
[Result "1/2-1/2"]
[WhiteElo "2480"]
[BlackElo "2400"]
[PlyCount "111"]
[EventDate "1991.??.??"]

1. e4 d6 2. d4 Nf6 3. Nc3 g6 4. f4 Bg7 5. Nf3 O-O 6. Bd3 Nc6 7. e5 Ne8 8. Be3
Nb4 9. Be2 Bf5 10. Rc1 c6 11. O-O Nc7 12. a3 Nbd5 13. Nxd5 cxd5 14. c3 Qd7 15.
a4 b6 16. Qb3 e6 17. Nd2 f6 18. exd6 Qxd6 19. Bf3 Bh6 20. g3 e5 21. Bg2 Rad8
22. Rce1 exf4 23. Bxf4 Bxf4 24. Rxf4 Ne6 25. Rf2 Rfe8 26. Rfe2 Kg7 27. Re3 Rd7
28. Qd1 h5 29. h3 Rh8 30. Qe2 Kf7 31. h4 Ng7 32. Qf2 Bg4 33. Re5 Be6 34. Nf1
Ke7 35. R5e2 f5 36. Ne3 Kd8 37. Nc2 Re8 38. Re5 Bf7 39. Qf4 Ne6 40. Qe3 Nc7 41.
Qf4 Ne6 42. Qh6 Qf8 43. Qxf8 Nxf8 44. Kf2 Rxe5 45. Rxe5 Rd6 46. Re1 Nd7 47. Kf3
Nf6 48. Kf4 Be8 49. b3 Bf7 50. Kg5 Kd7 51. a5 b5 52. Na3 a6 53. Kf4 Ne4 54.
Bxe4 dxe4 55. b4 Rc6 56. Re3 1/2-1/2